000 01017nac a22002777a 4500
001 BR7304032
003 BR-BrBNA
005 20240105113518.0
008 230509b bl.|||m| |||| 00| 0 por d
040 _aBR-BrBNA
_bpor
_cBiblioteca Nacional de Agricultura
072 _aL00
090 _a5213 BR7304032
110 1 _aEmpresa Brasileira de Pesquisa Agropecuaria, Brasilia, DF;
_93834
110 1 _aEmpresa Brasileira de Assistencia Tecnica e Extensao Rural, Brasilia, DF
_93797
245 1 _aSistemas de producao para bovino de corte [Rio Grande do Norte; Brasil]
260 3 _aNatal, RN (Brasil):
_bEmpresa de Assistencia Tecnica e Extensao Rural do Rio Grande do Norte,
_c1976.
300 _a52 p.
490 _aSistemas de Producao. Boletim (Brazil)
_vno. 30
_xISSN 0100-5359
650 _aGADO DE CORTE
650 _aMANEJO
650 _aHIGIENE VETERINARIA
650 _aDEFESA ANIMAL
650 _aRIO GRANDE DO NORTE
909 _a202312
_bLúcia Elande
_c55
_dLúcia Elande
942 _2AGRIS
_n0
_cMS
999 _c264159
_d264159